[Event "Petrosjan Memorial"]
[Site "SchemingMind.com"]
[Date "2011.02.03"]
[Round "-"]
[White "petrus"]
[Black "Zerstörer"]
[Result "0-1"]
[WhiteCountry "BEL"]
[BlackCountry "ITA"]
[WhiteElo "1821"]
[WhiteRD "85"]
[BlackElo "2067"]
[BlackRD "86"]
[GameID "274860"]

1. d4 d5 2. e3 Nf6 3. Bd3 e6 4. Nd2 c5 5. c3 Nc6 6. a3 Bd6 7. b4 cxd4 8. exd4 O-O 9. Ndf3 h6 10. Bd2 Bd7
11. Qc1 e5 12. dxe5 Bxe5 13. Bxh6 gxh6 14. Qxh6 Bxc3+ 15. Kd1 Ne4 16. Ra2 Bg7 17. Qh5 Qf6 18. Bxe4 dxe4 19. Ng5 Qh6 20. Qxh6 Bxh6
21. Nxe4 Bf5 22. Nd2 Rad8 23. Kc1 Rfe8 24. Nf3 Re2 25. g4 Bxd2+ 26. Nxd2 Bh7
0-1

[Event "Petrosjan Memorial"]
[Site "SchemingMind.com"]
[Date "2011.02.03"]
[Round "-"]
[White "Zerstörer"]
[Black "petrus"]
[Result "1-0"]
[WhiteCountry "ITA"]
[BlackCountry "BEL"]
[WhiteElo "2050"]
[WhiteRD "75"]
[BlackElo "1840"]
[BlackRD "94"]
[GameID "274861"]

1. e4 c5 2. Nf3 b6 3. d4 cxd4 4. Nxd4 Bb7 5. Nc3 e5 6. Ndb5 Bb4 7. Nd6+ Bxd6 8. Qxd6 Qe7 9. Nb5 Na6 10. Qxe7+ Kxe7
11. Nc3 h6 12. Be3 Nf6 13. f3 Nb4 14. O-O-O Ba6 15. Bxa6 Nxa6 16. Nd5+ Nxd5 17. Rxd5 f6 18. Rhd1 Rhd8 19. a3 Rac8 20. h3 Nc7
21. R5d3 Ne6 22. c3 Rc4 23. Kc2 Nc7 24. b3 Rc6 25. a4 Ne8 26. c4 Rd6 27. Bc1 Rxd3 28. Rxd3 Rc8 29. Ba3+ Ke6 30. Kd2 g6
31. Rd5 d6 32. a5 f5 33. exf5+ gxf5 34. Ke2 Rc6 35. axb6 Rxb6 36. Rd3 Nf6 37. Bc1 h5 38. Kf2 Ra6 39. Kg3 f4+ 40. Kf2 Ra2+
41. Rd2 Rxd2+ 42. Bxd2 h4 43. Ke2 Kd7 44. Be1 Kc6 45. Bxh4 Nh5 46. Bf2 a6 47. Kd3 d5 48. Ba7 Nf6 49. Bf2 e4+ 50. fxe4 dxe4+
51. Kd4 e3 52. Be1 Kd6 53. b4 Ke6 54. c5 Kf5 55. c6 Ke6 56. g3 fxg3 57. Bxg3 e2 58. Kd3 Nd5 59. Kxe2 Nxb4 60. c7 Kd7
61. h4 Nd5 62. h5 Nf6 63. h6 Nh7 64. Kd3 Kc8 65. Kc4 Ng5 66. Kd5 Kd7 67. Bf4 Nh7 68. Kc5 Kc8 69. Kb6 a5 70. Kxa5 Kb7
71. Kb5 Nf6 72. Kc5
1-0

[Event "Petrosjan Memorial"]
[Site "SchemingMind.com"]
[Date "2011.02.03"]
[Round "-"]
[White "tyler_ensor"]
[Black "Zerstörer"]
[Result "0-1"]
[WhiteCountry "CAN"]
[BlackCountry "ITA"]
[WhiteElo "1663"]
[WhiteRD "58"]
[BlackElo "1978"]
[BlackRD "75"]
[GameID "274994"]

1. d4 d5 2. c4 e6 3. Nc3 Nf6 4. Bg5 Be7 5. e3 O-O 6. Nf3 Nbd7 7. Rc1 a6 8. cxd5 exd5 9. Bd3 h6 10. Bh4 c6
11. O-O Re8 12. a4 a5 13. Qc2 Bd6 14. e4 dxe4 15. Nxe4 Bf4 16. Rcd1 Bc7 17. Rfe1 Kf8 18. Nc5 Rxe1+ 19. Rxe1 Nxc5 20. dxc5 Bg4
21. Nd2 Qd4 22. Ne4 Nxe4 23. Rxe4 Qd7 24. Re7 Qxe7 25. Bxe7+ Kxe7 26. f3 Be6 27. Bf5 Bd5 28. Be4 Be6 29. Kf1 Bxh2 30. Qe2 Kf8
0-1

[Event "Petrosjan Memorial"]
[Site "SchemingMind.com"]
[Date "2011.02.03"]
[Round "-"]
[White "tyler_ensor"]
[Black "petrus"]
[Result "1/2-1/2"]
[WhiteCountry "CAN"]
[BlackCountry "BEL"]
[WhiteElo "1862"]
[WhiteRD "62"]
[BlackElo "1845"]
[BlackRD "85"]
[GameID "274995"]

1. d4 d5 2. c4 c6 3. Nf3 dxc4 4. e3 b5 5. a4 a6 6. axb5 cxb5 7. b3 cxb3 8. Bxb5+ Bd7 9. Bxd7+ Nxd7 10. Qxb3 e6
11. O-O Ngf6 12. Nc3 Be7 13. Ba3 O-O 14. Rfc1 Bxa3 15. Rxa3 Qc7 16. Rca1 Rfb8 17. Qa2 Rc8 18. Nb5 Qc1+ 19. Ne1 Qc4 20. Qxc4 Rxc4
21. Rxa6 Rxa6 22. Rxa6 Rb4 23. Ra8+ Nf8 24. Nc3 g6 25. Kf1 Kg7 26. Ra5 N8d7 27. Nf3 Rb3 28. Na4 Ra3 29. Ra8 Ra1+ 30. Ne1 Nd5
31. Nb6 Rxa8 32. Nxa8 f5 33. Nc2 Kf7 34. Na3 Ke7 35. Nb5 Kd8 36. Nd6= Ke7 37. Nb5 Kd8 38. Nd6 N7f6 39. Nc4 Nd7 40. Nd6
1/2-1/2

[Event "Petrosjan Memorial"]
[Site "SchemingMind.com"]
[Date "2011.02.03"]
[Round "-"]
[White "Zerstörer"]
[Black "tyler_ensor"]
[Result "1-0"]
[WhiteCountry "ITA"]
[BlackCountry "CAN"]
[WhiteElo "2074"]
[WhiteRD "75"]
[BlackElo "1877"]
[BlackRD "61"]
[GameID "274996"]

1. e4 c5 2. Nf3 d6 3. d4 cxd4 4. Nxd4 Nf6 5. Nc3 a6 6. Bg5 e6 7. f4 Qb6 8. Qd2 Qxb2 9. Rb1 Qa3 10. e5 Nfd7
11. f5 Nxe5 12. fxe6 Bxe6 13. Nxe6 fxe6 14. Rxb7 Nbc6 15. Be2 Be7 16. Bxe7 Nxe7 17. O-O Qc5+ 18. Kh1 h5= 19. Ne4 Qc6 20. Nxd6+
1-0

[Event "Petrosjan Memorial"]
[Site "SchemingMind.com"]
[Date "2011.02.03"]
[Round "-"]
[White "petrus"]
[Black "tyler_ensor"]
[Result "1-0"]
[WhiteCountry "BEL"]
[BlackCountry "CAN"]
[WhiteElo "1840"]
[WhiteRD "94"]
[BlackElo "1752"]
[BlackRD "57"]
[GameID "274997"]

1. d4 d5 2. e3 c5 3. c3 e6 4. Bd3 Nf6 5. a3 b6 6. b4 cxd4 7. exd4 Bb7 8. Nf3 Nbd7 9. Bg5 Be7 10. h3 O-O
11. Qc2 Rc8 12. Ne5 h6 13. Be3 Nxe5 14. dxe5 Nd7 15. Bd4 Bg5 16. h4 Bf4 17. Qe2 Qc7 18. Qg4 Nxe5 19. Qe2 Nxd3+ 20. Qxd3 Be5
21. O-O Bxd4 22. Qxd4 Ba6 23. Re1 Qc4 24. Qe5 Qxh4 25. Nd2 Bd3 26. Re3 Bh7 27. Rg3 Bg6 28. Re1 Qf6 29. Qe3 Rfd8 30. Rf3 Qg5
31. Qxg5 hxg5 32. Re5 Bf5 33. Re1 Rc7 34. Nb3 Rdc8 35. Ree3 Kf8 36. Nd4 Bb1 37. Nxe6+ Kg8 38. Nxc7 Rxc7 39. Rh3 f6 40. Kf1 Bf5=
41. Rhg3 Bb1 42. Re8+ Kf7 43. Rge3 Ba2 44. Ke1 Bc4 45. Kd2 Bf1 46. g3 Bg2 47. Rd8 Be4 48. f3 Bb1 49. Rxd5 Ba2 50. Rd4 Bc4
51. Ree4 Ba6 52. a4 Bb7 53. Re3 Bc8 54. c4 Bd7 55. a5 bxa5 56. b5 g6 57. Kc3 Bxb5 58. Rde4 Bc6 59. Rd4 Bb5 60. Re1 Bc6
61. f4
1-0

[Event "Petrosjan Memorial"]
[Site "SchemingMind.com"]
[Date "2011.02.05"]
[Round "-"]
[White "miriskra"]
[Black "tyler_ensor"]
[Result "1-0"]
[WhiteCountry "WLS"]
[BlackCountry "CAN"]
[WhiteElo "1863"]
[WhiteRD "68"]
[BlackElo "1663"]
[BlackRD "58"]
[GameID "275128"]

1. c3 d5 2. d3 e5 3. Nf3 Bd6 4. b4 Bf5 5. a4 h6 6. Ba3 Nf6 7. b5 O-O 8. Bxd6 Qxd6 9. Qb3 c5 10. Nbd2 Nbd7
11. e3 Rac8 12. c4 Be6 13. e4 dxe4 14. Nxe4 Nxe4 15. dxe4 Rfe8 16. Rd1 Qe7 17. Qc3 Bg4 18. Be2 Nf6 19. Qc2 Rcd8 20. O-O Bxf3
21. Bxf3 Rd4 22. Rxd4 cxd4 23. c5 Rc8 24. Rc1 Nd7 25. c6 bxc6 26. bxc6 Nb8 27. c7 Na6 28. Qd3 Rxc7 29. Rb1 Nc5 30. Qd1 Qd7
31. a5 Na4 32. h3 Nc3 33. Rb8+ Rc8 34. Rxc8+ Qxc8 35. Qd3 a6 36. Bg4 Qb7 37. Kh2 Qb5 38. Qc2 Qxa5 39. Qb3
1-0

[Event "Petrosjan Memorial"]
[Site "SchemingMind.com"]
[Date "2011.02.05"]
[Round "-"]
[White "miriskra"]
[Black "Zerstörer"]
[Result "0-1"]
[WhiteCountry "WLS"]
[BlackCountry "ITA"]
[WhiteElo "1901"]
[WhiteRD "66"]
[BlackElo "2050"]
[BlackRD "75"]
[GameID "275129"]

1. d4 d5 2. Nf3 Nf6 3. c4 e6 4. Nc3 Be7 5. Bf4 O-O 6. e3 Nbd7 7. h3 c6 8. Qc2 dxc4 9. Bxc4 Nb6 10. Be2 Nbd5
11. Bh2 Bd6 12. Bxd6 Qxd6 13. O-O h6 14. Ne5 Nd7 15. Nxd7 Bxd7 16. Ne4 Qc7 17. a3 a5 18. Rac1 Rac8 19. Rfe1 Rfd8 20. Nd2 e5
21. Nf3 exd4 22. Nxd4 Qd6 23. Red1 Qe7 24. Bf3 Be6 25. Nxe6 fxe6 26. Qc5 Qxc5 27. Rxc5 b6 28. Rcc1 c5 29. Kf1 Kf7 30. Ke2 Ke7
31. Rc2 Rd6 32. Rcd2 Rcd8 33. e4 Nf4+ 34. Ke1 Nd3+ 35. Ke2 Nxb2 36. Rxd6 Rxd6 37. Rb1 Nc4 38. a4 Nd2 39. Rb2 Nxf3 40. gxf3 e5
41. Ke3 g5 42. Rb1 Kd7
0-1

[Event "Petrosjan Memorial"]
[Site "SchemingMind.com"]
[Date "2011.02.05"]
[Round "-"]
[White "miriskra"]
[Black "petrus"]
[Result "1-0"]
[WhiteCountry "WLS"]
[BlackCountry "BEL"]
[WhiteElo "1891"]
[WhiteRD "57"]
[BlackElo "1895"]
[BlackRD "76"]
[GameID "275130"]

1. d4 d5 2. Nf3 Nc6 3. c4 dxc4 4. Nc3 Bd7 5. e4 e5 6. d5 Nce7 7. Bxc4 f6 8. O-O c6 9. Be3 Bg4 10. h3 Bxf3
11. Qxf3 cxd5 12. Nxd5 Rc8 13. Bb5+ Nc6 14. Rfd1 Qa5 15. a4 Kf7 16. Qf5 Nge7 17. Qd7 a6 18. Bb6
1-0

[Event "Petrosjan Memorial"]
[Site "SchemingMind.com"]
[Date "2011.02.05"]
[Round "-"]
[White "tyler_ensor"]
[Black "miriskra"]
[Result "1-0"]
[WhiteCountry "CAN"]
[BlackCountry "WLS"]
[WhiteElo "1877"]
[WhiteRD "61"]
[BlackElo "1935"]
[BlackRD "61"]
[GameID "275131"]

1. d4 Nf6 2. c4 e6 3. Nc3 Bb4 4. e3 O-O 5. Bd3 d5 6. Nf3 c5 7. O-O Nc6 8. a3 cxd4 9. axb4 dxc3 10. bxc3 dxc4
11. Bxc4 Qc7 12. Qe2 b6 13. Rd1 Bb7 14. Ba6 Ne7 15. Bb2 Ned5 16. Bxb7 Qxb7 17. c4 Ne7 18. Bxf6 gxf6 19. Rd4 Nf5 20. Rg4+ Kh8
21. Qb2 Qe7 22. Ng5 e5 23. Qc2 fxg5 24. Qxf5 f6 25. h4 Rg8 26. Rd1 Rg7 27. hxg5 Rxg5 28. Rxg5 fxg5 29. Rd7 Rf8 30. Rxe7 Rxf5
31. Rxa7 h6 32. Ra6
1-0

[Event "Petrosjan Memorial"]
[Site "SchemingMind.com"]
[Date "2011.02.05"]
[Round "-"]
[White "Zerstörer"]
[Black "miriskra"]
[Result "1/2-1/2"]
[WhiteCountry "ITA"]
[BlackCountry "WLS"]
[WhiteElo "1978"]
[WhiteRD "75"]
[BlackElo "1863"]
[BlackRD "68"]
[GameID "275132"]

1. e4 c6 2. d4 d5 3. Nc3 dxe4 4. Nxe4 Bf5 5. Ng3 Bg6 6. Nf3 Nd7 7. h4 h6 8. h5 Bh7 9. Bd3 Bxd3 10. Qxd3 Ngf6
11. Bf4 Nd5 12. Bd2 Qc7 13. O-O-O e6 14. Kb1 O-O-O 15. Ne2 Bb4 16. Bxb4 Nxb4 17. Qd2 Na6 18. Qf4 Qxf4 19. Nxf4 Nf6 20. Ne5 Rhf8
21. f3 c5 22. dxc5 Rxd1+ 23. Rxd1 Nxc5 24. g4 Ncd7 25. Nc4 Kc7 26. Nd3 Nd5 27. Nde5 Nxe5 28. Nxe5 f6 29. Nc4 Rd8 30. Rd3 Nf4
31. Rxd8 Kxd8 32. c3 Ke7 33. Na5 Nd3 34. Nxb7 Ne1 35. f4 Ng2 36. Na5 Kd7 37. Nc4 Nxf4 38. Ne3 Kd6 39. Kc2 Kc5 40. b4+ Kc6
41. c4 Ne2 42. a4 Nd4+ 43. Kd3 e5 44. Ke4 Kd6 45. c5+ Kc6 46. Nc4 Ne2 47. Kd3 Nf4+ 48. Ke4 Ne2 49. Kd3 Nf4+ 50. Ke4= Ne2
51. Kd3=
1/2-1/2

[Event "Petrosjan Memorial"]
[Site "SchemingMind.com"]
[Date "2011.02.05"]
[Round "-"]
[White "petrus"]
[Black "miriskra"]
[Result "1/2-1/2"]
[WhiteCountry "BEL"]
[BlackCountry "WLS"]
[WhiteElo "1895"]
[WhiteRD "76"]
[BlackElo "1891"]
[BlackRD "57"]
[GameID "275133"]

1. d4 Nf6 2. Nc3 d5 3. e3 Bf5 4. Bd3 Bxd3 5. cxd3 e6 6. e4 c5 7. e5 Nfd7 8. dxc5 Bxc5 9. d4 Bb6 10. Qg4 Kf8
11. Nge2 Nc6 12. O-O h5 13. Qf4 a6 14. Qd2 Qh4 15. f4 g6 16. b3 Kg7 17. Ba3 Ba5 18. g3 Qh3 19. Qe3 h4 20. Nd1 hxg3
21. Qxg3 Qxg3+ 22. hxg3 Rh3 23. Nf2 Rh7 24. Kg2 Rah8 25. Rh1 Rxh1 26. Rxh1 Rxh1 27. Nxh1 Bb6 28. Bb2 Ndb8 29. g4 Kf8 30. Kf3 Ke7
31. Nf2 Kd7 32. Nd3 Ne7 33. Ba3 Nbc6 34. Bc5 Bxc5 35. dxc5 Kc7 36. Ke3 b6 37. cxb6+ Kxb6 38. Kd2 g5 39. Kc3 Ng6 40. Nd4 gxf4
41. Nxc6 Kxc6 42. Kd4 Kb5 43. a3 Ne7 44. Kc3 Nc6 45. g5 f3 46. Kd2 Nd4 47. Kc3 Ne2+ 48. Kd2 Ng1 49. Nf2 Kc5 50. Kd3 d4
51. Ke4 Ne2 52. Nd3+ Kc6 53. Nb4+ Kb5 54. Nd3 Ng1 55. Nf2 Kc5 56. Nd3+ Kc6 57. Nf2 Kc5 58. Nd3+ Kc6 59. Nf2 Kc5 60. Nd3+=
1/2-1/2

[Event "Petrosjan Memorial"]
[Site "SchemingMind.com"]
[Date "2011.02.17"]
[Round "-"]
[White "michel"]
[Black "tyler_ensor"]
[Result "1-0"]
[WhiteCountry "CAN"]
[BlackCountry "CAN"]
[WhiteElo "2019"]
[WhiteRD "61"]
[BlackElo "1862"]
[BlackRD "62"]
[GameID "276140"]

1. Nf3 Nf6 2. c4 e6 3. g3 d5 4. Bg2 Be7 5. O-O O-O 6. d4 c6 7. Nbd2 Nbd7 8. b3 Re8 9. Qc2 Bd6 10. Bb2 Qc7
11. e4 dxe4 12. Nxe4 Nxe4 13. Qxe4 Nf6 14. Qc2 Nd7 15. Rfe1 e5 16. Ng5 Nf8 17. Qe2 Ng6 18. h4 Bd7 19. h5 exd4 20. Qd3 Nf8
21. Qxd4 f6 22. Bd5+ cxd5 23. Qxd5+ Be6 24. Nxe6 Nxe6 25. Rxe6 Rxe6 26. Qxe6+ Kf8= 27. h6 Re8 28. hxg7+
1-0

[Event "Petrosjan Memorial"]
[Site "SchemingMind.com"]
[Date "2011.02.17"]
[Round "-"]
[White "michel"]
[Black "Zerstörer"]
[Result "0-1"]
[WhiteCountry "CAN"]
[BlackCountry "ITA"]
[WhiteElo "1979"]
[WhiteRD "59"]
[BlackElo "2074"]
[BlackRD "75"]
[GameID "276141"]

1. Nf3 Nf6 2. c4 e6 3. g3 d5 4. Bg2 Be7 5. O-O O-O 6. d4 Nbd7 7. Qc2 c6 8. Nbd2 dxc4 9. Nxc4 Nb6 10. Nce5 h6
11. Bd2 Nbd5 12. a3 Nd7 13. e4 Nxe5 14. Nxe5 Nf6 15. Bc3 Qc7 16. Nd3 b6 17. Rac1 Bb7 18. Bb4 Rfd8 19. Bxe7 Qxe7 20. Qc3 Rac8
21. Rfe1 Qd7 22. e5 Nd5 23. Qb3 Ne7 24. Rc4 Nf5 25. Nf4 Nxd4 26. Qd1 c5 27. Qg4 Kh8 28. Nh5 Rg8 29. Qf4 Bxg2 30. Kxg2 Qd5+
0-1

[Event "Petrosjan Memorial"]
[Site "SchemingMind.com"]
[Date "2011.02.17"]
[Round "-"]
[White "michel"]
[Black "miriskra"]
[Result "1-0"]
[WhiteCountry "CAN"]
[BlackCountry "WLS"]
[WhiteElo "2048"]
[WhiteRD "62"]
[BlackElo "1864"]
[BlackRD "58"]
[GameID "276142"]

1. Nf3 Nf6 2. c4 g6 3. Nc3 Bg7 4. e4 d6 5. d4 O-O 6. Be2 Nbd7 7. O-O e5 8. Qc2 Re8 9. Rd1 exd4 10. Nxd4 Nc5
11. f3 a5 12. Ndb5 Qe7 13. Nd5 Nxd5 14. cxd5 f5 15. Be3 Na6 16. Bd3 Nb4 17. Qxc7 Nxd3 18. Rxd3 fxe4 19. Qxe7 Rxe7 20. fxe4 Bxb2
21. Rb1 Be5 22. Bd4 Bxd4+ 23. Rxd4 Rd7 24. Rc1 b6 25. Rc6 Ba6 26. Nxd6 Rf8 27. Rd1 Be2 28. Re1
1-0

[Event "Petrosjan Memorial"]
[Site "SchemingMind.com"]
[Date "2011.02.18"]
[Round "-"]
[White "michel"]
[Black "petrus"]
[Result "1-0"]
[WhiteCountry "CAN"]
[BlackCountry "BEL"]
[WhiteElo "1951"]
[WhiteRD "68"]
[BlackElo "1861"]
[BlackRD "76"]
[GameID "276143"]

1. Nf3 d5 2. c4 c6 3. d4 dxc4 4. e3 b5 5. a4 a6 6. axb5 cxb5 7. b3 Bd7 8. bxc4 b4 9. Ne5 e6 10. Qf3 f6
11. Qxa8 fxe5 12. c5 exd4 13. exd4 Qc7 14. Qe4 Nf6 15. Qf4 Qb7 16. Be2 Be7 17. O-O O-O 18. Bc4 Ne4 19. Qe3 Bd8 20. f3 Ng5
21. Qb3 Re8 22. Nc3 Kh8 23. Na4 Bf6 24. Bb2 Nc6 25. Qd3 a5 26. Rfe1 Qa7 27. Re2 e5 28. dxe5 Bxe5 29. Rae1 Nd8 30. Rxe5 Nge6
31. Rh5 Nf8 32. Rxe8 Bxe8 33. Qxd8 Qd7 34. Qxd7 Bxd7 35. Rg5 h6 36. Rxg7
1-0

[Event "Petrosjan Memorial"]
[Site "SchemingMind.com"]
[Date "2011.02.17"]
[Round "-"]
[White "tyler_ensor"]
[Black "michel"]
[Result "0-1"]
[WhiteCountry "CAN"]
[BlackCountry "CAN"]
[WhiteElo "1877"]
[WhiteRD "61"]
[BlackElo "1979"]
[BlackRD "59"]
[GameID "276144"]

1. d4 Nf6 2. c4 c5 3. d5 b5 4. cxb5 a6 5. bxa6 g6 6. Nc3 Bxa6 7. e4 Bxf1 8. Kxf1 d6 9. Nf3 Bg7 10. g3 Nbd7
11. Kg2 O-O 12. h3 Qb6 13. Re1 Rfb8 14. Nd2 Qa6 15. Nb3 Ne5 16. f4 Nc4 17. e5 Ne8 18. e6 f5 19. g4 fxg4 20. hxg4 Nf6
21. g5 Nh5 22. f5 Rf8 23. f6 exf6 24. e7 Rfe8 25. Qe2 Ne5 26. Ne4 Rxe7 27. gxf6 Nxf6 28. Bg5 Rf7 29. Nxf6+ Bxf6 30. Bxf6 Rxf6
31. Nxc5 Qa5 32. Ne4 Qxd5 33. Red1 Qb7 34. a3 Raf8 35. Rf1 Rf4 36. Rxf4 Rxf4 37. Re1 Kg7 38. Kg3= Rg4+ 39. Kf2 Qf7+ 40. Ke3 Qf4+
0-1

[Event "Petrosjan Memorial"]
[Site "SchemingMind.com"]
[Date "2011.02.17"]
[Round "-"]
[White "Zerstörer"]
[Black "michel"]
[Result "1/2-1/2"]
[WhiteCountry "ITA"]
[BlackCountry "CAN"]
[WhiteElo "2067"]
[WhiteRD "83"]
[BlackElo "2019"]
[BlackRD "61"]
[GameID "276145"]

1. e4 e5 2. Nf3 Nc6 3. Bb5 f5 4. Nc3 fxe4 5. Nxe4 Nf6 6. Nxf6+ Qxf6 7. Qe2 Be7 8. Bxc6 dxc6 9. Nxe5 Bf5 10. d3 O-O
11. O-O Rae8 12. f4 Bd6 13. d4 Bxe5 14. dxe5 Qg6 15. Rf2 Rd8 16. Be3 Rd5 17. Raf1 Rfd8 18. Kh1 h5 19. h3 a5 20. Rc1 b6
21. Rcf1 c5 22. Rc1 Kh7=
1/2-1/2

[Event "Petrosjan Memorial"]
[Site "SchemingMind.com"]
[Date "2011.02.17"]
[Round "-"]
[White "miriskra"]
[Black "michel"]
[Result "1/2-1/2"]
[WhiteCountry "WLS"]
[BlackCountry "CAN"]
[WhiteElo "1864"]
[WhiteRD "58"]
[BlackElo "2048"]
[BlackRD "62"]
[GameID "276146"]

1. d4 Nf6 2. c4 c5 3. d5 b5 4. cxb5 a6 5. bxa6 g6 6. Nc3 Bxa6 7. Nf3 Bg7 8. e4 Bxf1 9. Kxf1 d6 10. g3 O-O
11. Kg2 Nbd7 12. Qe2 Qb6 13. Rb1 Rfb8 14. Be3 Ng4 15. Bd2 Qa6 16. Qxa6 Rxa6 17. h3 Nge5 18. Nxe5 Nxe5 19. b3 Ra3 20. Bc1 Raa8
21. Bd2 Ra3 22. Bc1 Ra7 23. Bd2 Nd3 24. a4 Bxc3 25. Bxc3 c4 26. Rhd1 Nc5 27. bxc4 Rc8 28. Bd4 Rxa4 29. Bxc5 Rxc5 30. Rb8+= Kg7
31. Rb7=
1/2-1/2

[Event "Petrosjan Memorial"]
[Site "SchemingMind.com"]
[Date "2011.02.18"]
[Round "-"]
[White "petrus"]
[Black "michel"]
[Result "1/2-1/2"]
[WhiteCountry "BEL"]
[BlackCountry "CAN"]
[WhiteElo "1895"]
[WhiteRD "76"]
[BlackElo "1951"]
[BlackRD "72"]
[GameID "276147"]

1. d4 Nf6 2. e3 g6 3. Bd3 d5 4. Nd2 Bg7 5. c3 O-O 6. e4 dxe4 7. Nxe4 Nbd7 8. Nf3 e5 9. O-O exd4 10. Nxd4 Nxe4
11. Bxe4 Nc5 12. Qf3 Nxe4 13. Qxe4 c6 14. Re1 Qb6 15. Nb3 Bf5 16. Qf3 Be6 17. Be3 Qc7 18. Bf4 Qb6 19. Be3 Qc7=
1/2-1/2

[Event "Petrosjan Memorial"]
[Site "SchemingMind.com"]
[Date "2011.03.01"]
[Round "-"]
[White "vetran"]
[Black "tyler_ensor"]
[Result "1-0"]
[WhiteCountry "NED"]
[BlackCountry "CAN"]
[WhiteElo "2070"]
[WhiteRD "69"]
[BlackElo "1877"]
[BlackRD "61"]
[GameID "277334"]

1. e4 c5 2. Nf3 d6 3. d4 cxd4 4. Nxd4 Nf6 5. Nc3 a6 6. Bc4 e6 7. Bb3 b5 8. O-O Be7 9. Qf3 Qc7 10. Qg3 Nc6
11. Nxc6 Qxc6 12. Re1 Bb7 13. a3 h5 14. f3 O-O-O 15. Be3 h4 16. Qf2 h3 17. g3 Nd7 18. Ne2 Ne5 19. Nd4 Qc7 20. a4 bxa4
21. Rxa4 d5 22. exd5 Bxd5 23. Bxd5 Rxd5 24. Rxa6 Ra5 25. Ra1 Rxa1+ 26. Rxa1 Nc6 27. Ra8+ Nb8 28. Qe2 Qb7 29. Qc4+ Kd7 30. Qa4+ Kc7
31. Ra7
1-0

[Event "Petrosjan Memorial"]
[Site "SchemingMind.com"]
[Date "2011.03.01"]
[Round "-"]
[White "vetran"]
[Black "Zerstörer"]
[Result "1-0"]
[WhiteCountry "NED"]
[BlackCountry "ITA"]
[WhiteElo "2023"]
[WhiteRD "69"]
[BlackElo "1944"]
[BlackRD "79"]
[GameID "277335"]

1. e4 c5 2. Nf3 g6 3. d4 cxd4 4. Nxd4 Nc6 5. Nc3 Bg7 6. Be3 Nf6 7. Bc4 O-O 8. Bb3 d6 9. f3 Bd7 10. Qd2 Nxd4
11. Bxd4 b5 12. a4 bxa4 13. Nxa4 Qc7 14. O-O Bb5 15. c4 Bc6 16. Nc3 Rfb8 17. Ba4 Bxa4 18. Rxa4 a6 19. Rfa1 Qb7 20. R1a2 Nd7
21. Bxg7 Kxg7 22. Qd4+ f6 23. b4 Ne5 24. b5 axb5 25. cxb5 Rxa4 26. Rxa4 Ra8 27. Rxa8 Qxa8 28. Qa4 Qxa4 29. Nxa4 Nd7 30. Kf2 Kf7
31. Ke3 e6 32. Kd4 Ke7 33. Kc4 Nb8 34. b6 Kd7 35. Kb5 Kc8 36. f4 Kb7 37. e5 fxe5 38. fxe5 dxe5 39. Nc5+ Kc8 40. Nxe6 e4
41. Kc4 Nd7 42. Kd4 Nf6 43. Nc5 e3 44. Kxe3 Ng4+ 45. Kf4 Nxh2 46. Ke5 Ng4+ 47. Kd6 Nf6 48. Kc6
1-0

[Event "Petrosjan Memorial"]
[Site "SchemingMind.com"]
[Date "2011.03.01"]
[Round "-"]
[White "vetran"]
[Black "miriskra"]
[Result "1-0"]
[WhiteCountry "NED"]
[BlackCountry "WLS"]
[WhiteElo "2025"]
[WhiteRD "70"]
[BlackElo "1937"]
[BlackRD "63"]
[GameID "277336"]

1. e4 c6 2. d4 d5 3. Nc3 dxe4 4. Nxe4 Bf5 5. Ng3 Bg6 6. h4 h6 7. Nf3 Nd7 8. h5 Bh7 9. Bd3 Bxd3 10. Qxd3 Qc7
11. Bd2 O-O-O 12. Ne4 Ngf6 13. O-O-O e6 14. g3 Nxe4 15. Qxe4 Nf6 16. Qe2 Rd5 17. Bf4 Bd6 18. Bxd6 Qxd6 19. Ne5 Rf8 20. c3 Nd7
21. f4 Nxe5 22. fxe5 Qd7 23. Rhf1 Qc7 24. Qg4 Rg8 25. Qf4 Rd7 26. g4 c5 27. dxc5 Rgd8 28. Qe3 Rd5 29. Rde1 R8d7 30. g5 Rd3
31. Qf4 Qxc5 32. gxh6 gxh6 33. Qxh6 Rxc3+ 34. Kb1 Qb4 35. Rc1 Rxc1+ 36. Rxc1+ Kd8 37. Qh8+ Ke7 38. Qf6+
1-0

[Event "Petrosjan Memorial"]
[Site "SchemingMind.com"]
[Date "2011.03.01"]
[Round "-"]
[White "vetran"]
[Black "petrus"]
[Result "1-0"]
[WhiteCountry "NED"]
[BlackCountry "BEL"]
[WhiteElo "1980"]
[WhiteRD "108"]
[BlackElo "1861"]
[BlackRD "76"]
[GameID "277337"]

1. d4 d5 2. c4 c6 3. Nf3 Bf5 4. Qb3 Qc8 5. cxd5 cxd5 6. Nc3 e6 7. Bf4 Nc6 8. e3 a6 9. Rc1 Qd7 10. Be2 b5
11. O-O Nf6 12. Nxb5 Qb7 13. Nc7+
1-0

[Event "Petrosjan Memorial"]
[Site "SchemingMind.com"]
[Date "2011.03.01"]
[Round "-"]
[White "vetran"]
[Black "michel"]
[Result "1/2-1/2"]
[WhiteCountry "NED"]
[BlackCountry "CAN"]
[WhiteElo "2032"]
[WhiteRD "84"]
[BlackElo "2048"]
[BlackRD "62"]
[GameID "277338"]

1. d4 Nf6 2. c4 c5 3. d5 b5 4. cxb5 a6 5. bxa6 g6 6. Nc3 Bxa6 7. g3 d6 8. Bg2 Bg7 9. Nf3 Nbd7 10. O-O Nb6
11. Re1 O-O 12. Bf4 Nh5 13. Bg5 h6 14. Bc1 Nf6 15. Rb1 Nfd7 16. Bf4 Nc4 17. Qc2 Qa5 18. Nd2 Nxb2 19. Rxb2 Qxc3 20. Qxc3 Bxc3
21. Rc2 Bg7 22. Nb3 Bb5 23. e4 g5 24. Be3 Ba4 25. f4 gxf4 26. gxf4 Rfc8 27. Rcc1 Kh8 28. Bf2 Bf6 29. Re2 Bxb3 30. axb3 Rab8
31. Bh3 Rc7 32. Bxd7 Rxd7 33. e5 dxe5= 34. fxe5 Bg5 35. Rxc5 Rxb3 36. Bd4 Kh7 37. Rf2 f6 38. exf6 exf6 39. Kg2 Rd3 40. Rc4 Kg6
41. Bb2 R7xd5 42. Rc6 Rf5 43. Rcc2 Rxf2+ 44. Rxf2 f5 45. Be5 Rd2 46. Rxd2 Bxd2=
1/2-1/2

[Event "Petrosjan Memorial"]
[Site "SchemingMind.com"]
[Date "2011.03.01"]
[Round "-"]
[White "tyler_ensor"]
[Black "vetran"]
[Result "0-1"]
[WhiteCountry "CAN"]
[BlackCountry "NED"]
[WhiteElo "1877"]
[WhiteRD "61"]
[BlackElo "2070"]
[BlackRD "69"]
[GameID "277339"]

1. e4 c5 2. a4 g6 3. Nc3 Bg7 4. f4 e6 5. Nf3 Ne7 6. e5 d6 7. Bb5+ Nbc6 8. O-O d5 9. d4 c4 10. Be3 O-O
11. Bxc6 bxc6 12. g4 Bd7 13. Qe1 Rb8 14. Bc1 c5 15. dxc5 Qc7 16. Kh1 Qxc5 17. Be3 Qa5 18. h4 Rxb2 19. Nd4 Nc6 20. Ndb5 d4
21. Nxd4 Nxd4 22. Bxd4 Rxc2 23. Ne4= Qd5 24. Bxa7 Bc6
0-1

[Event "Petrosjan Memorial"]
[Site "SchemingMind.com"]
[Date "2011.03.01"]
[Round "-"]
[White "Zerstörer"]
[Black "vetran"]
[Result "0-1"]
[WhiteCountry "ITA"]
[BlackCountry "NED"]
[WhiteElo "1978"]
[WhiteRD "75"]
[BlackElo "2004"]
[BlackRD "74"]
[GameID "277340"]

1. e4 c5 2. Nf3 e6 3. d4 cxd4 4. Nxd4 a6 5. Bd3 Bc5 6. Nb3 Ba7 7. Qe2 Nc6 8. O-O d6 9. Be3 Bxe3 10. Qxe3 Nf6
11. a3 O-O 12. Nc3 b5 13. f4 e5 14. Rad1 Ng4 15. Qf3 exf4 16. Qxf4 Qb6+ 17. Kh1 Ne3 18. Nd5 Nxd5 19. exd5 Ne5 20. Qe4 g6
21. Qd4 Qxd4 22. Nxd4 Bb7 23. Be2 Rac8 24. c3 Nc4 25. Bxc4 bxc4 26. Nc2 Rc5 27. Ne3 Re8 28. Rfe1 Bxd5 29. Kg1 Re6 30. Kf2 Be4
31. Rd4 d5 32. Red1 Rb5 33. R1d2 Reb6 34. Nd1 f5 35. Ke3 g5 36. Ke2 f4 37. Kf2 Kf7
0-1

[Event "Petrosjan Memorial"]
[Site "SchemingMind.com"]
[Date "2011.03.01"]
[Round "-"]
[White "miriskra"]
[Black "vetran"]
[Result "1/2-1/2"]
[WhiteCountry "WLS"]
[BlackCountry "NED"]
[WhiteElo "1935"]
[WhiteRD "61"]
[BlackElo "2070"]
[BlackRD "69"]
[GameID "277341"]

1. d4 Nf6 2. c4 c5 3. d5 e6 4. Nc3 exd5 5. cxd5 d6 6. e4 g6 7. Nf3 Bg7 8. Be2 O-O 9. Bg5 h6 10. Bh4 Re8
11. Nd2 Nbd7 12. O-O a6 13. a4 g5 14. Bg3 Ne5 15. f3 b6 16. Kh1 Rb8 17. Qc2 Qc7 18. Rae1 Bd7 19. b3 b5 20. axb5 axb5
21. Ra1 Nh5 22. Ra6 Nxg3+ 23. hxg3 b4 24. Nd1 Ra8 25. Ne3 Rxa6 26. Bxa6 Ra8 27. Bc4 Nxc4 28. Ndxc4 Bb5 29. Nf5 Bxc4 30. Qxc4 Kh7
31. Nxg7 Kxg7 32. f4 Re8 33. Re1 f6 34. Kg1 Qa5 35. Qc2 Qa7 36. Kh2 Qf7 37. Kg1 Qa7=
1/2-1/2